01473nam a2200385 450000100060000000300080000600500170001400600190003100700150005000800410006502000150010603500230012103500240014403500250016803500220019304000260021505000210024108000150026208200150027710000410029224501930033326000640052630000110059044000470060153301640064865000180081265000480083065000240087865000280090265500270093070000320095771000190098985600620100899900170107058339FlNmELB20241216233013.0m o d | cr cn|||||||||201108r2003 sp |||||s|||||||||||spa d z8431320737 a(MiAaPQ)EBC3158379 a(Au-PeEL)EBL3158379 a(CaPaEBR)ebr10058479 a(OCoLC)1105482134 aFlNmELBbspacFlNmELB 4aBX860bJ912 2003 a316.77:28204a262.912220 aJuan Pablo.,bII,cPapa,d1920-2005.14aLos nuevos aerópagosh[recurso electronico] :b25 textos de Juan Pablo II en las jornadas mundiales de las comunicaciones sociales (1979-2003) /c[edición] Francisco J. Pérez-Latre. aPamplona :bEUNSA, Ediciones Universidad de Navarra,c2003. a212 p. 0aAstrolabio.pSerie : Comunicación ;v328 aRecurso electrónico. Santa Fe, Arg.: e-libro, 2015. Disponible vía World Wide Web. El acceso puede estar limitado para las bibliotecas afiliadas a e-libro. 0aEncíclicas. 0aIglesia católica y comunicación social. 0aEncyclicals, Papal. 0aMass media in religion. 4aLibros electrónicos.1 aPérez-Latre, Francisco J.2 ae-libro, Corp.40uhttps://elibro.net/ereader/politecnicointernacional/47398 c58339d58339